000 01392nam a2200205Ia 4500
003 Ost
005 20260507075125.0
008 260507s9999||||xx |||||||||||||| ||und||
040 _cfsecg
041 _aara
082 _a330
100 _aالعلاق، بشير عباس
_eمؤلف
245 0 _aالإتصالات التسويقية الإلكترونية(مدخل تحليلي /
_c بشير عباس العلاق
260 _aعمان:
_bمؤسسة الوراق,
_c2005
300 _a312 صفحة؛
_c24 سم
520 _aالإتصالات التسويقية-صناعة الإتصالات-اتصالات التسويق الداخلي-الإتصالات التسويقية التفاعلية ودور تقنيات المعلومات والإتصال في تفعيلها-دور تقنيات المعلومات والإتصالات في تشكيل عناصر الإتصالات التسويقية-وسائل الإتصالات الموجهة من شخص إلى آخر في المستقبل التفاعلي-استخدام قدرات الأنترنيت لأغراض الترويج من قبل الشركات الواقعية و الإفتراضية-إنشاء وترويج الموقع الشبكي-برمجيات وأجهزة وعتاد الإتصالات التسويقية الرقعية
653 _aأدارة المبيعات
653 _aالتسويق
942 _cكتاب
999 _c43133
_d43133